00283nam a2200121Ia 45000030006000000080041000060400015000471000033000622450020000952600017001155460012001320050017001440STCL150530s9999 xx 000 0 und d aSTCLcSTCL aNightingale, E.; Pearson, W. aGeneral physics bG.Bellc1947 aEnglish20220125170109.0